000 01026aam a2200325 i 4500
999 _c726
_d726
001 017006081
003 Uk
005 20191205152859.0
008 140904s2014 xxu j 000 1 eng d
015 _aGBB6K2037
_2bnb
016 7 _a017006081
_2Uk
020 _a9780147514011 (hardback)
020 _a0147514010 (hardback)
040 _aUK-WkNB
_beng
_cUK-WkNB
_dUk
_erda
042 _aukblsr
082 _aFIC ALC
100 1 _aAlcott, Louisa May,
_d1832-1888,
_eauthor.
245 1 0 _aLittle women /
_cby Louisa May Alcott.
264 1 _aNew York, New York :
_bPuffin Books,
_c2014.
300 _a777 pages ;
_c19 cm.
336 _atext
_2rdacontent
337 _aunmediated
_2rdamedia
338 _avolume
_2rdacarrier
490 0 _aThe Puffin in bloom collection
650 0 _aMarch family (Fictitious characters)
_vJuvenile fiction.
651 0 _aUnited States
_xSocial life and customs
_vJuvenile fiction.
655 0 _aChildren's stories.
942 _2ddc
_cFIC